| 000 | 00936 a2200205 4500 | ||
|---|---|---|---|
| 001 | 31563 | ||
| 005 | 20260407155619.0 | ||
| 008 | 260407a1969 arg spa d | ||
| 003 | AR-UNSa-BCEJYS | ||
| 040 |
_aAR-UNSa-BCEJYS _bspa _cAR-UNSa-BCEJYS |
||
| 080 |
_a658 _xAdministración de empresas. Organización comercial |
||
| 245 | 1 | 0 |
_aAdministración de empresas _pMetodología, exégesis, técnica |
| 264 | 1 |
_aBuenos Aires : _bDepalma _c1969 |
|
| 300 |
_a102 p. _c23 cm. |
||
| 505 | _aParte I: Metodología: 1. Reflexiones acerca de la metodlogía -- Parte II: Exégesis: 2. Tres conceptos acerca de la administración -- Parte III: Técnica: 3. Aspectos preliminares en el estudio de la relevancia del contexto - 4. La administración en la Argentina - 5. El rescate de la contabilidad tradicional | ||
| 942 | _cBK | ||
| 590 | _aniveau_biblio:m niveau_hierar:0 | ||
| 100 | 1 | _aAder, José Jorge | |
| 700 | 1 | _aKutnowski, Mario Alberto | |
| 999 |
_c2191 _d2191 |
||